Central Library OPAC University of Rajshahi

The art of cricket / (Record no. 64794)

MARC details
000 -LEADER
fixed length control field 00627nam a2200217 a 4500
001 - CONTROL NUMBER
control field 64794
003 - CONTROL NUMBER IDENTIFIER
rucl marc code BD-RjUL
005 - DATE AND TIME OF LATEST TRANSACTION
control field 20211209081342.0
008 - FIXED-LENGTH DATA ELEMENTS--GENERAL INFORMATION
fixed length control field 170222m19601958enka 000 0 eng d
035 ## - SYSTEM CONTROL NUMBER
System control number (BD-RjUL)64924
040 ## - CATALOGING SOURCE
Original cataloging agency CLE
Transcribing agency CLE
Modifying agency BD-RjUL
Language of cataloging eng
041 ## - LANGUAGE CODE
Language code of text/sound track or separate title eng
082 ## - DEWEY DECIMAL CLASSIFICATION NUMBER
Edition number 23
Classification number 796.3582
Author mark and year BRT 1960
100 1# - MAIN ENTRY--PERSONAL NAME
Personal name Bradman, Donald
9 (RLIN) 192126
245 14 - TITLE STATEMENT
Title The art of cricket /
Statement of responsibility, etc. Donald Bradman
260 ## - PUBLICATION, DISTRIBUTION, ETC. (IMPRINT)
Place of publication, distribution, etc. London :
Name of publisher, distributor, etc. Hodder and Stoughton,
Date of publication, distribution, etc. 1958 [Impressin 1960 ].
300 ## - PHYSICAL DESCRIPTION
Pagination 239 p. :
Illustrations ill. ;
Size 24 cm.
650 ## - SUBJECT ADDED ENTRY--TOPICAL TERM
Topical term or geographic name as entry element Cricket
Geographic subdivision Australia.
9 (RLIN) 185791
Topical term or geographic name as entry element Cricket
Form subdivision Coaching.
9 (RLIN) 192127
942 ## - ADDED ENTRY ELEMENTS (KOHA)
Source of classification or shelving scheme Dewey Decimal Classification
Koha item type Books
Holdings
Lost status Source of classification or shelving scheme Damaged status Not for loan Collection code Permanent Location Current Location Shelving location Date acquired Source of acquisition Cost, normal purchase price Total Checkouts Full call number Date last seen Copy number Koha item type
  Dewey Decimal Classification   Not For Loan Non-fiction Central Library, University of Rajshahi Central Library, University of Rajshahi Reading Room 21/07/1963 Zetlinger 30.00   796.3582 BRT 1960 22/02/2017 C-1 Books